000 00787nam a22002657i 4500
003 DO-SdBNP
005 20250421093900.0
007 ta
008 250421b2024 |||||||| |||| 00| 0 eng d
020 _a9789945510881
040 _aDO-SdBNP
_bspa
_cBNPHU
_erda
041 _hspa
082 _axxx
_bB824m
_222
100 1 _aBratini, José Ángel
_eautor
_987107
245 0 _aMateo Morrison una idea cultural en movimiento /
_cJosé Àngel Bratini
250 _aPrimera edición
264 _aSanto Domingo :
_bAmigos del Hogar,
_c2024.
300 _a127 páginas :
_bilustraciones ;
_c26 cm
336 _ardacontent
_btexto
_2txt
337 _ardamedia
_bsin mediación
_2n
338 _ardacarrier
_bvolumen
_2nc
590 _aInventariado, 2025/DG
910 _aDG
942 _2ddc
_cLBS1
999 _c58290
_d58290